00763 2200277 4500001002100000005001700021008004100038020001800079035002400097082001500121090002200136100002700158245009300185250001000278260002900288300002300317500002700340650002200367700001800389850001500407980001500422985000600437986001200443999001500455999001500470YOGYA-0209000003750320090227025247.0 ind  a979-428-505-6 0010-020900000037503 a301.959812 a301.959812bSit S aSITUMEANG, Doangsa P.L aSistem kekerabatan masyarakat Batak TobacDoangsa P.L. Situmeang ; editor, Saeno M. Abdi aCet.1 aJakartabDjambatanc2003 axi, 140 hlmc21 cm aBibliografi : hlm. 140 aSosiologi - Batak aAbdi, Saeno M aYOPDYOG(B) a04-27-2006 a2 aMrrtrev a05B0011647 a05B0011648